00430nam a2200157Ia 4500008004100000020001000041040001900051041001200070082002900082100002600111245003400137260004200171300001700213650002000230850002200250131103s9999 xx 000 0 und d cRs.12 aLoreto College aEnglish a891.443/GANbLCLIB/20135 aGangopadhaya, Narayan aOmnibuscNarayan Gangopadhaya aCalcuttabBengal Pub. Pvt/ Ltd.c1378 aV.1 c 21cm. aBengali fiction aLCLIB/891.443/GAN